Telephone : a novel /

Zach Wells, a laconic geologist-slash-paleobiologist, has the trappings of a comfortable life, yet is not contented. He's expert in the geological history of a cave in the Grand Canyon, but less so where his wife and daughter are concerned. And when his daughter develops unusual vision problems...

Full description

Bibliographic Details
Main Author: Everett, Percival (Author)
Format: Book
Language:English
Published: Minneapolis : Graywolf Press, [2020]
Subjects:

MARC

Tag First Indicator Second Indicator Subfields
LEADER 00000cam a2200000 i 4500
001 in00004395701
005 20211018102214.0
008 190821t20202020mnu 000 f eng d
010 |a  2019948742 
020 |a 9781644450222  |q (paperback) 
020 |a 1644450224  |q (paperback) 
035 |a (OCoLC)on1119763372 
040 |a DLC  |e rda  |c DLC  |d UtOrBLW 
049 |a TXAM 
050 0 0 |a PS3555.V34  |b T45 2020 
082 0 0 |a 813.54  |2 23 
100 1 |a Everett, Percival,  |e author.  |0 http://id.loc.gov/authorities/names/n83043473 
245 1 0 |a Telephone :  |b a novel /  |c Percival Everett. 
264 1 |a Minneapolis :  |b Graywolf Press,  |c [2020] 
264 4 |c ©2020 
300 |a 216 pages ;  |c 21 cm. 
336 |a text  |b txt  |2 rdacontent 
337 |a unmediated  |b n  |2 rdamedia 
338 |a volume  |b nc  |2 rdacarrier 
520 |a Zach Wells, a laconic geologist-slash-paleobiologist, has the trappings of a comfortable life, yet is not contented. He's expert in the geological history of a cave in the Grand Canyon, but less so where his wife and daughter are concerned. And when his daughter develops unusual vision problems and has a seizure, the world of this family of three crumbles. Powerless in the face of his daughter's slow deterioration, Wells finds a note asking for help tucked into a jacket he's ordered online, and sets off on a quixotic rescue mission. 
650 0 |a Geologists  |v Fiction. 
650 0 |a Fathers and daughters  |v Fiction.  |0 http://id.loc.gov/authorities/subjects/sh2008103515 
650 0 |a Loss (Psychology)  |v Fiction.  |0 http://id.loc.gov/authorities/subjects/sh2008106913 
650 0 |a Quests (Expeditions)  |v Fiction.  |0 http://id.loc.gov/authorities/subjects/sh2008110314 
650 7 |a FICTION / Literary.  |2 bisacsh 
945 |b 954099 
947 |a A14851638289 
948 |a cataloged  |b h  |c 2021/8/9  |d c  |e dmitchel  |f 11:50:30 am 
994 |a 92  |b TXA 
999 f f |s bdc2afbc-8e5c-31ea-9aeb-394675a22be3  |i 33fbd8f2-7283-33bb-8faa-582a3bdc7771  |t 0 
952 f f |p normal  |a Texas A&M University  |b College Station  |c Sterling C. Evans Library  |d Evans: Library Stacks  |t 0  |e PS3555.V34 T45 2020  |h Library of Congress classification  |i unmediated -- volume  |m A14851638289 
998 f f |a PS3555.V34 T45 2020  |t 0  |l Evans: Library Stacks